Pokémon Trainer Classes Red/Blue/Yellow - Statistics

General Stats
  • This quiz has been taken 12 times
  • The average score is 17 of 28
Answer Stats
Gen Introduced
Type of PKMN used/Details Class % Correct
1 Bug Types Bug Catcher
100%
1 Water types, found in the water Swimmer
100%
1 Young female trainers, use common Pokémon Lass
88%
1 Water and Fighting types, Burly men typically on ships Sailor
88%
1 Young boys, use early game Pokémon Youngster
88%
1 Poison and Fire Pokémon Biker
75%
1 Water types caught with a Rod Fisherman
75%
1 Fighting/Ground/Rock Cave Pokémon Hiker
75%
1 Psychic types, levitate pokeballs Psychic
75%
1 Poison types/Rattata/Drowzees. Work for Giovanni Rocket
75%
1 Inorganic or Artificial Pokémon like magnemite or Porygon,Sometimes work for Team Rocket Scientist
75%
1 Flying Types based on Birds Bird Keeper
63%
1 Pokémon from Monster egg group/Rare Pokémon Pokemaniac
63%
1 Beast-like Pokemon, Clair's gym in gen 2. Carry whips Tamer
63%
1 Cute Pokémon; Typically young women Beauty
50%
1 Fighting types Blackbelt
50%
1 Fire Pokémon and Koffing Burglar
50%
1 Fighting types. They are bald. Cue Ball
50%
1 Variety of Pokémon typically found in woods, Male Jr. Trainer
50%
1 Variety of Pokémon typically found in woods, Female Jr. Trainer
50%
1 Sphere shaped Pokémon like Voltorb and Psychic types Juggler
50%
1 Electric types, carry a sparking wire. Rocker
50%
1 Varied Team, has better AI Cooltrainer
38%
1 Electric Pokémon Engineer
38%
1 One-Hit KO moves, rely on chance Gambler
38%
1 Pokémon based on pets like Growlithe or Manectric.Older men in suits. Gentleman
38%
1 Poison or Electric Pokémon, wear glasses Super Nerd
38%
1 Ghost Types Channeler
25%
No matching quizzes found
Score Distribution
Percent of People with Each Score
Percentile by Number Answered
Your Score History
You have not taken this quiz